Statistiche per Capitali oceaniane con mappa

Clicka qui per fare il quiz!

Statistiche generali

  • Questo quiz è stato fatto 66 volte
  • Il punteggio medio è 10 su 14

Risposte nella Mappa

Le risposte nella mappa del quiz sottostante sono codificate secondo una scala di colori dal rosso al verde in base alla % di persone che hanno risposto correttamente.
 

Statistiche sulle risposte

Capitali% Corretto
Canberra
97%
Wellington
95%
Port Moresby
87%
Apia
76%
Suva
76%
Funafuti
74%
Honiara
74%
Nuku'alofa
71%
Palikir
71%
Port Vila
68%
Ngerulmud
66%
Yaren
66%
Majuro
63%
Tarawa Sud
58%

Distribuzione punteggi

Percentile per numero di risposta

Percentuale di utenti per punteggio

I tuoi punteggi nel tempo

Non hai fatto questo quiz